Movies Quiz

Random Movies or Actor Quiz

Name the Actor Quiz Stats

Quiz not verified by Sporcle

Challenge
Share
Tweet
Embed
Score 0/61 Timer 15:00
0 Plays Today
Hint Answer % Correct
That's My Boy, Happy Gilmore, Anger ManagementAdam Sandler
86.9%
Pirates of the Caribbean, Edward Scissorhands Johnny Depp
86.4%
I Am Legend, Men in Black, Hancock, AliWill Smith
86.2%
Saving Private Ryan, Forrest Gump, Captain PhillipsTom Hanks
83.4%
Inception, The Wolf of Wall Street, TitanicLeonardo DiCaprio
82.5%
Elf, Anchorman, Semi-Pro, Step BrothersWill Ferrell
80.5%
Top Gun, Mission Impossible, Jerry MaguireTom Cruise
80.2%
The Godfather, Scarface, HeatAl Pacino
78.4%
The Shining, The Departed, One Flew Over the Cuckoo's NestJack Nicholson
78.2%
World War Z, Fight Club, Inglorious BasterdsBrad Pitt
78.2%
Pulp Fiction, The Sixth Sense, Die HardBruce Willis
77.7%
Night at the Museum, Zoolander, The WatchBen Stiller
77.2%
Dumb & Dumber, The Truman ShowJim Carrey
76.3%
The Shawshank Redemption, Se7en, OblivionMorgan Freeman
74.9%
The Nutty Professor, Shrek, Tower HeistEddie Murphy
73.7%
The Departed, Saving Private Ryan, Ocean's ElevenMatt Damon
72.2%
The Godfather, Pt. II, Goodfellas, Raging BullRobert De Niro
72%
Rocky, The Expendables, Grudge MatchSylvester Stallone
71.5%
Iron Man, Due Date, The AvengersRobert Downey JR
69.9%
Pulp Fiction, Grease, Saturday Night FeverJohn Travolta
69.6%
Despicable Me, The 40-Year-Old Virgin, Date NightSteve Carell
69.4%
Gravity, Three Kings, Ocean's ElevenGeorge Clooney
69.1%
Blade Runner, Indiana Jones, Star WarsHarrison Ford
69.1%
Marley & Me, Wedding Crashers, You, Me & DepreeOwen Wilson
68%
Prisoners, The Wolverine, The PrestigeHugh Jackman
67.6%
The Karate Kid, Rush HourJackie Chan
67.1%
Schindler's List, Taken, Non-StopLiam Neeson
67.1%
The Dark Knight, 3:10 to Yuma, The FighterChristian Bale
66.9%
Silver Lining's Playbook, American Hustle, LimitlessBradley Cooper
66.7%
The Godfather, A Streetcar Named Desire, Apocalypse NowMarlon Brando
65.7%
The Other Guys, Pain & Gain, TedMark Wahlberg
63.4%
Hint Answer % Correct
Tropic Thunder, School of Rock, ShrekJack Black
63.3%
Groundhog Day, Ghostbusters, Space JamBill Murray
63.3%
Gladiator, American Gangster, 3:10 to YumaRussell Crowe
63%
Philadelphia, Remember the Titans, Training DayDenzel Washington
62.5%
Spider-Man, Pineapple Express, This is the EndJames Franco
61.1%
Good Will Hunting, Dead Poets Society, RVRobin Williams
61%
21 Jump Street, Superbad, MoneyballJonah Hill
59.8%
In Time, Friends with BenefitsJustin Timberlake
59.3%
L.A. Confidential, The Usual Suspects, American BeautyKevin Spacey
58.5%
Pulp Fiction, Snakes on a Plane, Django UnchainedSamuel L. Jackson
57.6%
Knocked Up, The Guilt Trip, NeighborsSeth Rogen
57.2%
The Silence of the Lambs, The Elephant Man, HannibalAnthony Hopkins
56.2%
The Graduate, Rain Man, Kramer vs. KramerDustin Hoffman
55%
The Terminator, Escape Plan, SabotageArnold Schwarzenegger
54.7%
The Social Network, Zombieland, Now You See MeJesse Eisenberg
53.6%
Unforgiven, The Good, The Bad, and The Ugly, Million Dollar BabyClint Eastwood
53.3%
Grown-Ups, Madagascar, New Jack CityChris Rock
49.9%
The Watch, Delivery Man, DodgeballVince Vaughn
49.9%
Boyz n the Hood, Ride Along, 21 Jump StreetIce Cube
46.9%
There Will Be Blood, LincolnDaniel Day-Lewis
46.4%
Draft Day, Dances With WolvesKevin Costner
45.3%
I Love You, Man, This is 40, Dinner for SchmucksPaul Rudd
43.9%
The Shawshank Redemption, Mystic River, The PlayerTim Robbins
40.7%
Year One, SuperbadMichael Cera
40.3%
Identity Thief, The Change-Up, Horrible BossesJason Bateman
40%
It's a Wonderful Life, Rear Window, VertigoJames Stewart
39.5%
The Hangover, Due Date, The Campaign Zach Galifianakis
33.1%
The Godfather, ElfJames Caan
32.9%
Napoleon Dynamite, Blades of GloryJon Heder
27.6%
We're the Millers, Horrible Bosses, The CampaignJason Sudeikis
20.6%

You're not logged in!

Compare scores with friends on all Sporcle quizzes.
Sign Up with Email
OR
Log In

You Might Also Like...

Show Comments

Extras

Top Quizzes Today


Score Distribution

Your Account Isn't Verified!

In order to create a playlist on Sporcle, you need to verify the email address you used during registration. Go to your Sporcle Settings to finish the process.

Report this User

Report this user for behavior that violates our Community Guidelines.

Details: